| Tag |
First Indicator |
Second Indicator |
Subfields |
| LEADER |
00000cam a2200000I 4500 |
| 001 |
in00002003209 |
| 005 |
20151031142939.0 |
| 008 |
830321s1971 ru a b 000 0 rus |
| 010 |
|
|
|a 72349648
|
| 015 |
|
|
|a USSR 71-VKP
|
| 035 |
|
|
|a (OCoLC)ocm09330231
|
| 040 |
|
|
|a DLC
|c SOI
|d SOI
|d OCL
|d OCLCQ
|d TXA
|d UtOrBLW
|
| 049 |
|
|
|a TXAM
|
| 050 |
0 |
0 |
|a PG3476.K75
|b A19 1971
|
| 092 |
|
|
|a 891.724
|b K93t
|
| 100 |
1 |
|
|a Kron, Aleksandr,
|d 1909-
|
| 245 |
1 |
0 |
|a Teatr. :
|b [Pʹesy /
|c Poslesl. S. Duninoĭ].
|
| 264 |
|
1 |
|a Moskva :
|b "Iskusstvo",
|c 1971.
|
| 300 |
|
|
|a 617 pages :
|b 13 leaves of illustrations ;
|c 17 cm.
|
| 336 |
|
|
|a text
|b txt
|2 rdacontent
|
| 337 |
|
|
|a unmediated
|b n
|2 rdamedia
|
| 338 |
|
|
|a volume
|b nc
|2 rdacarrier
|
| 500 |
|
|
|a At head oftitle: Aleksandr Kron.
|
| 505 |
0 |
|
|a Bintovka No. 492116.--Nashe oruzhie.--Truc.--Glubokai︠a︡ razvedka.--Ofit︠s︡er flota.--Kandidat partiĭ.--Vtoroe dykhanie.
|
| 504 |
|
|
|a Includes bibliographical references.
|
| 948 |
|
|
|a cataloged
|b h
|c 2004/11/19
|d c
|e tchubaryan
|f 10:12:22 am
|
| 994 |
|
|
|a E0
|b TXA
|
| 999 |
|
|
|a MARS
|
| 999 |
f |
f |
|s abead40e-2f90-389d-a866-216de49267e9
|i d837dde9-445e-353e-aa64-1f6f63cab407
|t 0
|
| 952 |
f |
f |
|p ric
|a Texas A&M University
|b Rellis Campus
|c Joint Library Facility
|d Remote Storage
|t 0
|e PG3476.K75 A19 1971
|h Library of Congress classification
|i unmediated -- volume
|m A14831632308
|
| 998 |
f |
f |
|a PG3476.K75 A19 1971
|t 0
|l Remote Storage
|